000 00763nam a2200253Ia 4500
003 OSt
005 20220923222817.0
006 a|||||r|||| 00| 0
007 ta
008 220922b |||||||| |||| 00| 0 hin d
024 _a208,246
037 _cTextual
040 _aARTS
_cARTS
_bhin
041 _2hin
_ahin
082 _aO152,3N248,SY, M7
100 _aशाहीन, रतीलाल
_9156318
245 0 _aशीत युद्ध
246 _aShīt yuddha
260 _aदिल्ली
_b अकुंर प्रका0
_c1987
300 _a108पृ.
_ccm.
650 _aहिन्दी कहानी
942 _hO152,3N248,SY, M7
_cTEXL
_2CC
999 _c358842
_d358842